000
00370nam a2200145Ia 4500
008
231129s1994||||xx |||||||||||||| ||spa||
020
_a
958-04-2721-6
040
_b
spa
082
_a
M863 S243b
100
_a
Sarabia Antonio
245
0
_a
Banda de Moebius
260
_c
1994
264
_a
Grupo Editorial Norma
942
_2
ddc
_c
BKS
999
_c
6029
_d
6029